[Event "Schach Nienberge 1 - SK Münster 3"]
[Site "Regionalliga 2015/2016"]
[Date "2016.05.07"]
[Round "9.1"]
[White "Wieder, Heiner"]
[Black "Kemper, Georg"]
[Result "1-0"]
[WhiteElo "2105"]
[BlackElo "1933"]
[PlyCount "77"]
[EventDate "2016.??.??"]
[SourceDate "2015.09.11"]

1. e4 e6 2. d4 d5 3. Nd2 Nc6 4. Ngf3 Nf6 5. e5 Nd7 6. b3 f6 7. Bb2 fxe5 8. Nxe5
Ndxe5 9. dxe5 Bc5 10. Bd3 Qg5 11. O-O Nxe5 12. h4 Qg3 13. Qh5+ Nf7 14. Rae1 Kf8
15. Ba3 Qd6 16. Ne4 g6 17. Nxd6 gxh5 18. Nxf7 Bxa3 19. Nxh8 Kg7 20. Re5 Bd7 21.
Rg5+ Kf6 22. Rxh5 Rxh8 23. Rxh7 Rxh7 24. Bxh7 e5 25. f3 Bc5+ 26. Kh2 Be3 27. g4
c5 28. Bg8 d4 29. Bd5 Bb5 30. Rd1 Ba6 31. g5+ Kg7 32. a4 b6 33. Kg3 Bc8 34. Re1
Bf4+ 35. Kf2 Bf5 36. Be4 Bd7 37. Ke2 Bc8 38. Rg1 Ba6+ 39. Bd3 1-0

[Event "Schach Nienberge 1 - SK Münster 3"]
[Site "Regionalliga 2015/2016"]
[Date "2016.05.07"]
[Round "9.2"]
[White "Gottkehaskamp, Philipp"]
[Black "Quante, Lennart"]
[Result "1-0"]
[WhiteElo "2015"]
[BlackElo "1962"]
[PlyCount "109"]
[EventDate "2016.??.??"]
[SourceDate "2015.09.11"]

1. e4 c5 2. Nf3 d6 3. g3 g6 4. Bg2 Bg7 5. O-O e6 6. c3 Ne7 7. d4 O-O 8. dxc5
dxc5 9. Be3 b6 10. Qc1 Bb7 11. Rd1 Qc8 12. Qc2 Nd7 13. h3 c4 14. Na3 a6 15.
Nxc4 Qxc4 16. Rxd7 Bxe4 17. Ne5 Bxc2 18. Nxc4 Nd5 19. Rc1 Nxe3 20. fxe3 Ba4 21.
Bxa8 Bxd7 22. Nxb6 Bc8 23. b3 a5 24. c4 e5 25. Kg2 Bh6 26. Re1 Rd8 27. Bd5 Kf8
28. a3 f5 29. b4 f4 30. exf4 exf4 31. g4 Bg7 32. Re4 g5 33. bxa5 Ba6 34. Re6
Bb2 35. a4 Bc3 36. Nd7+ Rxd7 37. Rxa6 Bd4 38. Rb6 Ra7 39. Rb5 Bc3 40. c5 Bxa5
41. c6 h6 42. Rb8+ Kg7 43. Kf3 Bc7 44. Rb7 Rxb7 45. cxb7 Kf6 46. Ke4 f3 47. Bc4
Ke7 48. Kf5 Kd8 49. Kg6 Bf4 50. a5 Kc7 51. a6 Kb8 52. Kxh6 Bd2 53. Kg6 Be3 54.
Kh5 Bf4 55. h4 1-0

[Event "Schach Nienberge 1 - SK Münster 3"]
[Site "Regionalliga 2015/2016"]
[Date "2016.05.07"]
[Round "9.3"]
[White "Wingenfeld, Klaus"]
[Black "Haas, Kai Markus"]
[Result "1/2-1/2"]
[WhiteElo "1916"]
[BlackElo "1962"]
[PlyCount "33"]
[EventDate "2016.??.??"]
[SourceDate "2015.09.11"]

1. e4 d5 2. exd5 Nf6 3. Nf3 Bg4 4. h3 Bxf3 5. Qxf3 Qxd5 6. Be2 Nc6 7. Nc3 Qxf3
8. Bxf3 Nd4 9. Bd1 O-O-O 10. d3 e6 11. Be3 Be7 12. Ne4 h6 13. c3 Nf5 14. Nxf6
Bxf6 15. Ke2 Nxe3 16. fxe3 Rd7 17. Bc2 1/2-1/2

[Event "Schach Nienberge 1 - SK Münster 3"]
[Site "Regionalliga 2015/2016"]
[Date "2016.05.07"]
[Round "9.4"]
[White "Althoff, Franz"]
[Black "Baumann, Stephan"]
[Result "1-0"]
[WhiteElo "2009"]
[BlackElo "2002"]
[PlyCount "59"]
[EventDate "2016.??.??"]
[SourceDate "2015.09.11"]

1. Nf3 Nf6 2. d4 c5 3. d5 e6 4. Nc3 d6 5. e4 exd5 6. exd5 g6 7. Bb5+ Bd7 8. O-O
Bxb5 9. Re1+ Be7 10. Bg5 O-O 11. Nxb5 a6 12. Nc3 Re8 13. Re3 h6 14. Bh4 Nbd7
15. Qe2 g5 16. Nxg5 hxg5 17. Bxg5 Nxd5 18. Bxe7 Nxe7 19. Re1 Ne5 20. f4 N5g6
21. Qg4 f5 22. Qg5 Kf7 23. Re6 Qd7 24. Qf6+ Kg8 25. Nd5 Nxd5 26. Qxg6+ Kf8 27.
Qxf5+ Qf7 28. Qxd5 Rxe6 29. Qxe6 Rd8 30. Qh6+ 1-0

[Event "Schach Nienberge 1 - SK Münster 3"]
[Site "Regionalliga 2015/2016"]
[Date "2016.05.07"]
[Round "9.5"]
[White "Ollech, Dirk"]
[Black "Schäfer, Günter"]
[Result "1/2-1/2"]
[WhiteElo "1929"]
[BlackElo "1888"]
[PlyCount "115"]
[EventDate "2016.??.??"]
[SourceDate "2015.09.11"]

1. c4 Nf6 2. g3 e5 3. Bg2 c6 4. d4 d6 5. Nc3 Nbd7 6. Nf3 Be7 7. O-O O-O 8. Qc2
Re8 9. Rd1 Qc7 10. b3 Bf8 11. e4 a5 12. Bb2 exd4 13. Nxd4 Nc5 14. a3 Qb6 15.
Rab1 Bg4 16. f3 Bh5 17. Kh1 Bg6 18. Ba1 Rad8 19. b4 axb4 20. axb4 Ne6 21. Nf5
d5 22. cxd5 cxd5 23. e5 Nd4 24. Rxd4 Bxf5 25. Qxf5 Qxd4 26. exf6 Qf2 27. Qd3
Re1+ 28. Rxe1 Qxe1+ 29. Qf1 Qxf1+ 30. Bxf1 Bxb4 31. Ne2 Bc5 32. fxg7 d4 33. Nf4
Kxg7 34. Nd3 b6 35. Kg2 Ra8 36. Bb2 Ra2 37. Kh3 f6 38. Kg4 Kf8 39. Kf5 Ke7 40.
h4 Ra8 41. g4 Ra5 42. Ke4 Kd6 43. f4 Ra8 44. g5 fxg5 45. hxg5 Re8+ 46. Kf5 b5
47. Kf6 Kd5 48. Kg7 Re7+ 49. Kh6 Bd6 50. f5 Ke4 51. g6 hxg6 52. fxg6 Re6 53.
Kh7 Bf8 54. Nc5+ Bxc5 55. g7 Re7 56. Bxb5 d3 57. Kh8 Rxg7 58. Kxg7 1/2-1/2

[Event "Schach Nienberge 1 - SK Münster 3"]
[Site "Regionalliga 2015/2016"]
[Date "2016.05.07"]
[Round "9.6"]
[White "Melkert, Tim"]
[Black "Haberkamp, Carl"]
[Result "1-0"]
[WhiteElo "1902"]
[BlackElo "1865"]
[PlyCount "93"]
[EventDate "2016.??.??"]
[SourceDate "2015.09.11"]

1. e4 c6 2. d4 d5 3. e5 Bf5 4. Nf3 e6 5. Be2 c5 6. Be3 Nd7 7. O-O Rc8 8. c4 Ne7
9. Nc3 dxc4 10. dxc5 Nc6 11. Bxc4 Nxc5 12. Nb5 a6 13. Nbd4 Be4 14. Rc1 Bxf3 15.
Nxf3 Nd7 16. Bg5 Qa5 17. Qb3 Nc5 18. Qe3 h6 19. Bh4 g5 20. Bg3 Nd7 21. Bb3 Bg7
22. Rfd1 Rd8 23. Qe4 O-O 24. Bc2 Rfe8 25. Re1 Rc8 26. Bb1 Red8 27. h4 Nf8 28.
hxg5 Ng6 29. gxh6 Bxh6 30. Qg4 Bxc1 31. Bxg6 fxg6 32. Qxg6+ Kf8 33. Qf6+ Ke8
34. Rxc1 Ne7 35. Rxc8 Rxc8 36. Bh4 Qb4 37. a3 Rc1+ 38. Kh2 Qc5 39. b4 Qc7 40.
Ng5 Rc4 41. Qf7+ Kd7 42. Qxe6+ Ke8 43. Bg3 Qc8 44. Qf7+ Kd8 45. e6 Qc6 46. Qf8+
Qe8 47. Nf7+ 1-0

[Event "Schach Nienberge 1 - SK Münster 3"]
[Site "Regionalliga 2015/2016"]
[Date "2016.05.07"]
[Round "9.8"]
[White "Hagemann, Lars"]
[Black "Redemann, Rolf"]
[Result "1-0"]
[WhiteElo "1694"]
[BlackElo "1493"]
[PlyCount "69"]
[EventDate "2016.??.??"]
[SourceDate "2015.09.11"]

1. e4 c5 2. Nf3 Nc6 3. d4 cxd4 4. Nxd4 d6 5. Nc3 a6 6. Be3 Nf6 7. Be2 e6 8. O-O
Be7 9. a4 O-O 10. f4 e5 11. fxe5 dxe5 12. Nxc6 bxc6 13. Qe1 Ng4 14. Bxg4 Bxg4
15. Qg3 f5 16. Qxe5 Bd6 17. Qe6+ Kh8 18. e5 Re8 19. Qxd6 Qxd6 20. exd6 Rxe3 21.
h3 Bh5 22. Rxf5 Bg6 23. Rf2 Kg8 24. Raf1 Re6 25. Rd1 Rd8 26. Rfd2 Be8 27. a5
Bd7 28. Na4 Re5 29. b4 Ra8 30. Nc5 Ra7 31. c4 Re3 32. Rf2 h6 33. Rdf1 Re8 34.
Rf7 Rd8 35. Re7 1-0

[Event "Südlohner SV 1 - SC Klein-Berlin Rheine"]
[Site "Regionalliga 2015/2016"]
[Date "2016.05.07"]
[Round "9.1"]
[White "Ottens, Stephan"]
[Black "Funke, Reinhard"]
[Result "1-0"]
[WhiteElo "2120"]
[BlackElo "2016"]
[PlyCount "111"]
[EventDate "2016.??.??"]
[SourceDate "2015.09.11"]

1. e4 c5 2. Nf3 d6 3. Bb5+ Bd7 4. Bxd7+ Qxd7 5. c4 Nc6 6. d4 cxd4 7. Nxd4 Nf6
8. Nc3 g6 9. O-O Bg7 10. Nde2 O-O 11. f3 Rfc8 12. Be3 Qd8 13. Qd2 Nd7 14. Rab1
a6 15. b3 Rab8 16. a4 Nc5 17. Rfd1 Nb4 18. Nf4 b6 19. Nfd5 Nxd5 20. Nxd5 b5 21.
cxb5 axb5 22. a5 b4 23. Nb6 Bc3 24. Qf2 Rc6 25. Bxc5 Rxc5 26. Qxc5 dxc5 27.
Rxd8+ Rxd8 28. Nc4 f6 29. Kf1 Rd7 30. Ke2 Ra7 31. Rd1 Bd4 32. Rd2 Kf7 33. Ra2
Ke6 34. Kd3 Kd7 35. Nb6+ Kc6 36. Kc4 e6 37. f4 h5 38. g3 Rc7 39. f5 gxf5 40.
exf5 exf5 41. Nd5 Rd7 42. a6 Rd8 43. Ne7+ Kb6 44. a7 Ra8 45. Nxf5 Be5 46. Ng7
Bc3 47. Nxh5 Rd8 48. a8=N+ Kc6 49. Ra6+ Kb7 50. Ra5 Bd4 51. Ng7 Bg1 52. Ne6 Rd2
53. Nxc5+ Kb8 54. Nb6 Rd4+ 55. Kb5 Bxh2 56. Ra8+ 1-0

[Event "Südlohner SV 1 - SC Klein-Berlin Rheine"]
[Site "Regionalliga 2015/2016"]
[Date "2016.05.07"]
[Round "9.2"]
[White "Kolakovic, Klaudio"]
[Black "Brümmer, Frank"]
[Result "0-1"]
[WhiteElo "2015"]
[BlackElo "2166"]
[PlyCount "90"]
[EventDate "2016.??.??"]
[SourceDate "2015.09.11"]

1. d4 d5 2. e3 Bf5 3. Bd3 e6 4. Bxf5 exf5 5. c4 dxc4 6. Qa4+ c6 7. Qxc4 Nf6 8.
Nc3 Bd6 9. Nf3 Nbd7 10. Qd3 g6 11. O-O O-O 12. g3 Re8 13. Nd2 Bf8 14. f3 c5 15.
Nc4 a6 16. a4 Qc7 17. d5 Ne5 18. Nxe5 Qxe5 19. Rd1 Rad8 20. a5 h5 21. Ra4 Bh6
22. f4 Qe7 23. Rc4 Bf8 24. Qe2 Rd7 25. Qf3 Ne4 26. Na4 Qf6 27. Nb6 Rdd8 28. Rc2
Bd6 29. Rg2 Bc7 30. Nc4 Rd7 31. b3 Qd8 32. Rgd2 Nxd2 33. Rxd2 Bxa5 34. Rd3 Re4
35. Qd1 Bc7 36. Bb2 f6 37. d6 Bb8 38. Rc3 Qe8 39. Rd3 Qe6 40. Nb6 Rxe3 41. Be5
Rxd3 42. Qxd3 Rd8 43. Nd5 fxe5 44. Ne7+ Kh7 45. fxe5 Qxe5 0-1

[Event "Südlohner SV 1 - SC Klein-Berlin Rheine"]
[Site "Regionalliga 2015/2016"]
[Date "2016.05.07"]
[Round "9.3"]
[White "Henneberger, Sven"]
[Black "Völker, Christian"]
[Result "1-0"]
[WhiteElo "2092"]
[BlackElo "2004"]
[PlyCount "77"]
[EventDate "2016.??.??"]
[SourceDate "2015.09.11"]

1. Nf3 d5 2. b3 Nc6 3. Bb2 Bg4 4. h3 Bh5 5. g4 Bg6 6. e3 e6 7. Bb5 f6 8. Nd4
Qd7 9. Nxc6 bxc6 10. Be2 Bd6 11. d3 Nh6 12. h4 e5 13. g5 fxg5 14. hxg5 Nf7 15.
Rg1 Qe7 16. Bh5 Bf5 17. Bxf7+ Qxf7 18. Qe2 O-O 19. Nd2 Bg6 20. Rh1 Qf5 21. f3
Qxg5 22. O-O-O Bb4 23. Rdg1 Qf5 24. Rg3 a5 25. a4 Bd6 26. e4 Qf6 27. Qg2 Bc5
28. f4 Bd4 29. f5 Bxb2+ 30. Kxb2 Bf7 31. Qh2 h5 32. Nf3 dxe4 33. dxe4 Rad8 34.
Rhg1 Rfe8 35. Rxg7+ Kf8 36. R7g3 Qd6 37. Qh4 Qh6 38. Rg6 Qe3 39. Qf6 1-0

[Event "Südlohner SV 1 - SC Klein-Berlin Rheine"]
[Site "Regionalliga 2015/2016"]
[Date "2016.05.07"]
[Round "9.4"]
[White "Darwisch, Khaled"]
[Black "Langhans, Jörg"]
[Result "1-0"]
[WhiteElo "2053"]
[BlackElo "1907"]
[PlyCount "53"]
[EventDate "2016.??.??"]
[SourceDate "2015.09.11"]

1. e4 e5 2. d3 Bc5 3. g3 d5 4. Nd2 Nf6 5. h3 dxe4 6. dxe4 Nc6 7. Ngf3 h6 8. Bg2
Be6 9. Qe2 a6 10. c3 Qd7 11. Nc4 Bxc4 12. Qxc4 Bb6 13. O-O O-O 14. Nh4 Ne7 15.
Kh2 Rad8 16. f4 exf4 17. gxf4 Qd3 18. Qxd3 Rxd3 19. e5 Nfd5 20. Be4 Re3 21.
Bxe3 Nxe3 22. Rfe1 c6 23. Re2 N3d5 24. Rf1 f6 25. c4 Ne3 26. Rf3 Nxc4 27. exf6
1-0

[Event "Südlohner SV 1 - SC Klein-Berlin Rheine"]
[Site "Regionalliga 2015/2016"]
[Date "2016.05.07"]
[Round "9.5"]
[White "Brümmer, Andreas"]
[Black "Hater, Wolfgang"]
[Result "0-1"]
[WhiteElo "1925"]
[BlackElo "2024"]
[PlyCount "114"]
[EventDate "2016.??.??"]
[SourceDate "2015.09.11"]

1. c4 d6 2. Nc3 e5 3. g3 Nd7 4. Bg2 Ngf6 5. e3 Be7 6. Nge2 a5 7. O-O h5 8. h3
c6 9. d4 Qc7 10. f4 exd4 11. Nxd4 Nc5 12. b3 Bd7 13. e4 g6 14. f5 Nh7 15. fxg6
fxg6 16. a3 Ng5 17. h4 Nf7 18. Rb1 O-O 19. b4 axb4 20. axb4 Ne6 21. Nf3 Bf6 22.
Qb3 Ne5 23. Bh6 Ng4 24. Bxf8 Rxf8 25. Ne2 Kg7 26. Qd3 Bc8 27. Qd2 Qb6+ 28. Kh1
Nf2+ 29. Rxf2 Qxf2 30. Rf1 Qb6 31. Ne1 Nd4 32. Nxd4 Qxd4 33. Qxd4 Bxd4 34. Nc2
Bf2 35. Kh2 Bg4 36. Rb1 Be2 37. c5 Bd3 38. Rb2 dxc5 39. bxc5 Rf7 40. Nb4 Bb5
41. Rc2 Be1 42. Na2 Rf2 43. Rc1 Bd2 44. Rd1 Bd3 45. Nc1 Bc2 46. Rg1 Bxe4 47.
Nb3 Bd5 48. Nxd2 Rxd2 49. Kh1 Rxg2 50. Rxg2 Kf6 51. Kg1 Bxg2 52. Kxg2 Ke5 53.
Kf3 Kd5 54. Kf4 Kxc5 55. Kg5 b5 56. Kxg6 b4 57. Kxh5 b3 0-1

[Event "Südlohner SV 1 - SC Klein-Berlin Rheine"]
[Site "Regionalliga 2015/2016"]
[Date "2016.05.07"]
[Round "9.6"]
[White "Telöken, Andreas"]
[Black "Averkamp-Peters, Jens"]
[Result "1-0"]
[WhiteElo "1980"]
[BlackElo "1908"]
[PlyCount "111"]
[EventDate "2016.??.??"]
[SourceDate "2015.09.11"]

1. e4 c5 2. c3 e5 3. Nf3 Nc6 4. d4 cxd4 5. cxd4 exd4 6. Nxd4 Qf6 7. Nb5 Bc5 8.
Qd2 Qd8 9. N1c3 a6 10. Nd6+ Bxd6 11. Qxd6 Qe7 12. Bf4 Qxd6 13. Bxd6 Nge7 14.
O-O-O b5 15. Nd5 Nxd5 16. exd5 Na7 17. Bd3 Bb7 18. Rhe1+ Kd8 19. Bf5 Nc8 20.
Bb4 a5 21. Bc3 f6 22. b3 Nd6 23. Bc2 Re8 24. Rxe8+ Kxe8 25. Bxh7 Kf7 26. Bc2 b4
27. Bb2 Rc8 28. Kb1 Rc5 29. Bd4 Rxd5 30. Bb6 Rxd1+ 31. Bxd1 Bxg2 32. Bxa5 Ne4
33. Bxb4 Nxf2 34. Be2 Be4+ 35. Ka1 f5 36. Bd2 Ke6 37. b4 Nd3 38. a4 Kd5 39. Ka2
Ne5 40. Kb3 Nf3 41. Bxf3 Bxf3 42. b5 Kd6 43. Kb4 Kc7 44. a5 g6 45. h4 Kb7 46.
Kc5 Be2 47. a6+ Ka7 48. Kb4 Kb8 49. Ka5 Bf3 50. b6 Bc6 51. Kb4 Be4 52. Bf4+ Ka8
53. Kc5 Bc6 54. Kd6 Bb5 55. b7+ Ka7 56. Kc7 1-0

[Event "Südlohner SV 1 - SC Klein-Berlin Rheine"]
[Site "Regionalliga 2015/2016"]
[Date "2016.05.07"]
[Round "9.7"]
[White "Hemmert, Michael"]
[Black "Telöken, Daniel"]
[Result "0-1"]
[WhiteElo "1828"]
[BlackElo "1874"]
[PlyCount "120"]
[EventDate "2016.??.??"]
[SourceDate "2015.09.11"]

1. d4 Nf6 2. Bf4 g6 3. e3 Bg7 4. Bd3 d5 5. Nd2 O-O 6. Ngf3 c5 7. c3 Nc6 8. h3
b6 9. O-O Bb7 10. Qe2 Re8 11. Ne5 Nd7 12. Ndf3 Ndxe5 13. Nxe5 Nxe5 14. dxe5 e6
15. Bb5 Rf8 16. Qg4 Qc7 17. Qg3 a6 18. Bd3 b5 19. Rac1 Bc6 20. h4 Rfb8 21. h5
c4 22. Bb1 b4 23. hxg6 hxg6 24. e4 bxc3 25. Qxc3 Qb6 26. b3 d4 27. Qg3 c3 28.
Bd3 a5 29. Rfd1 a4 30. Bc2 axb3 31. axb3 Rb7 32. Bg5 Rd7 33. f4 d3+ 34. Kh2
dxc2 35. Rxd7 Bxd7 36. Rxc2 Qxb3 37. Rxc3 Qb7 38. Re3 Bc6 39. Bf6 Bxe4 40. Qg5
Bf5 41. Bxg7 Kxg7 42. Re2 Qb4 43. Qf6+ Kg8 44. Rf2 Re8 45. Qh4 Qe7 46. Qh6 Ra8
47. Rd2 Rb8 48. Ra2 Qf8 49. Qh4 Qg7 50. Kg1 Qh7 51. Qf6 Qh6 52. Ra4 Qh5 53. Rd4
Qg4 54. Kh2 g5 55. Qh6 Qh4+ 56. Qxh4 gxh4 57. Rd2 Rb3 58. Kg1 Kg7 59. Kf2 Kh6
60. Rd7 Bg6 0-1

[Event "Südlohner SV 1 - SC Klein-Berlin Rheine"]
[Site "Regionalliga 2015/2016"]
[Date "2016.05.07"]
[Round "9.8"]
[White "Böcker, Manfred"]
[Black "Ratert, Matthias"]
[Result "0-1"]
[WhiteElo "1839"]
[BlackElo "1827"]
[PlyCount "84"]
[EventDate "2016.??.??"]
[SourceDate "2015.09.11"]

1. d4 Nf6 2. Nf3 g6 3. Nbd2 d5 4. e3 Bg7 5. Be2 c5 6. O-O O-O 7. b3 Nc6 8. Bb2
Ne4 9. c4 cxd4 10. exd4 Bf5 11. cxd5 Qxd5 12. Nc4 Rfd8 13. Nce5 Nxe5 14. dxe5
Nd2 15. Re1 Qa5 16. Nxd2 Rxd2 17. Qc1 Rc2 18. Qxc2 Bxc2 19. Bf3 Rd8 20. Re3 Bh6
21. Rc3 Rd2 22. Rc8+ Rd8 23. Rxc2 b5 24. a3 Qb6 25. Rc6 Qb8 26. g3 Rc8 27. Rd1
Rxc6 28. Bxc6 Qc8 29. Be4 Qe6 30. Rd8+ Bf8 31. Rd3 a5 32. Kg2 Kg7 33. f3 Qc8
34. Rc3 Qe6 35. Rd3 a4 36. g4 axb3 37. Bd5 Qc8 38. e6+ f6 39. Bxb3 Qc5 40. Rd2
Qe3 41. Bc1 Qxb3 42. Re2 Qd1 0-1

[Event "SF Telgte 1 - SG Turm Raesfeld/Erle 1"]
[Site "Regionalliga 2015/2016"]
[Date "2016.05.07"]
[Round "9.1"]
[White "Wilger, Frank"]
[Black "Hackl-Sommer, René"]
[Result "1/2-1/2"]
[WhiteElo "2063"]
[BlackElo "1986"]
[PlyCount "42"]
[EventDate "2016.??.??"]
[SourceDate "2015.09.11"]

1. d4 d5 2. c4 dxc4 3. e3 Nf6 4. Bxc4 e6 5. Nf3 c5 6. O-O a6 7. a4 Nc6 8. Nc3
Be7 9. h3 O-O 10. Ne5 Qc7 11. Nxc6 Qxc6 12. Qe2 Rd8 13. Rd1 b6 14. b3 Bb7 15.
f3 Qc7 16. Qe1 cxd4 17. exd4 Bb4 18. Bb2 Qf4 19. Ne2 Bxe1 20. Nxf4 Bg3 21. Ne2
Bd6 1/2-1/2

[Event "SF Telgte 1 - SG Turm Raesfeld/Erle 1"]
[Site "Regionalliga 2015/2016"]
[Date "2016.05.07"]
[Round "9.2"]
[White "Lodde, Martin"]
[Black "Greifenberg, Daniel"]
[Result "1/2-1/2"]
[WhiteElo "1979"]
[BlackElo "2019"]
[PlyCount "84"]
[EventDate "2016.??.??"]
[SourceDate "2015.09.11"]

1. d4 d5 2. g3 Nf6 3. Bg2 Bg4 4. c4 c6 5. cxd5 cxd5 6. Qb3 Nc6 7. e3 Rb8 8. Nf3
e6 9. O-O Be7 10. Nc3 O-O 11. h3 Bh5 12. Bd2 Na5 13. Qd1 Nc4 14. b3 Nxd2 15.
Qxd2 Bb4 16. Qb2 Rc8 17. Ne2 Bg6 18. Rfc1 Qa5 19. a3 Rxc1+ 20. Qxc1 Bd6 21. b4
Qa6 22. Nf4 Bxf4 23. gxf4 b6 24. Qb2 Rc8 25. Rc1 Ne4 26. Bf1 Qb7 27. Ne5 Nd6
28. Rc3 f6 29. Nxg6 hxg6 30. Qc2 Rxc3 31. Qxc3 Qc8 32. Qxc8+ Nxc8 33. Bd3 Kf7
34. Kf1 Nd6 35. Ke2 b5 36. Bc2 a6 37. a4 Nc4 38. axb5 axb5 39. Bd3 Nd6 40. Kf3
Nc4 41. Ke2 Nd6 42. Kf3 Nc4 1/2-1/2

[Event "SF Telgte 1 - SG Turm Raesfeld/Erle 1"]
[Site "Regionalliga 2015/2016"]
[Date "2016.05.07"]
[Round "9.3"]
[White "Brömmel, Rudolf"]
[Black "Junker, Axel"]
[Result "1-0"]
[WhiteElo "1929"]
[BlackElo "1881"]
[PlyCount "85"]
[EventDate "2016.??.??"]
[SourceDate "2015.09.11"]

1. d4 Nf6 2. Bg5 Ne4 3. Bh4 d5 4. Nd2 Nd6 5. Ngf3 g6 6. e3 Bg7 7. Be2 h6 8. Bg3
Nf5 9. Be5 f6 10. Bf4 g5 11. Bg3 Nxg3 12. hxg3 Bf5 13. Nb3 a5 14. Nfd2 O-O 15.
g4 Bc8 16. Nf1 a4 17. Nc5 b6 18. Nd3 e5 19. Ng3 c5 20. Nf5 Bxf5 21. gxf5 e4 22.
Nc1 cxd4 23. exd4 Qd7 24. g4 Re8 25. Rh3 Qd6 26. a3 Ra7 27. Bb5 Ree7 28. Na2
Qf4 29. Nc3 e3 30. f3 Qd6 31. Qe2 Rac7 32. Bxa4 Rc8 33. Nxd5 Ra7 34. Bb3 Kh7
35. Qh2 Qxh2 36. Rxh2 b5 37. Ke2 Re8 38. Rah1 Ra6 39. Nc7 Re7 40. Nxa6 Nxa6 41.
Be6 b4 42. axb4 Nxb4 43. c3 1-0

[Event "SF Telgte 1 - SG Turm Raesfeld/Erle 1"]
[Site "Regionalliga 2015/2016"]
[Date "2016.05.07"]
[Round "9.4"]
[White "Kuhlenbäumer, Willi"]
[Black "Pliete, Christian"]
[Result "1/2-1/2"]
[WhiteElo "1942"]
[BlackElo "1847"]
[PlyCount "84"]
[EventDate "2016.??.??"]
[SourceDate "2015.09.11"]

1. e4 e5 2. Nc3 Nc6 3. f4 Bb4 4. Nf3 d6 5. Bb5 Bd7 6. O-O exf4 7. d4 Bxc3 8.
bxc3 g5 9. g3 g4 10. Nh4 f3 11. Rb1 a6 12. Bd3 b6 13. Bd2 Qf6 14. Be3 Nge7 15.
Qd2 h6 16. Rbe1 Qg7 17. Bf4 Kd8 18. e5 d5 19. Qe3 b5 20. a4 Rb8 21. axb5 axb5
22. Ra1 Be6 23. Rfb1 b4 24. cxb4 Rxb4 25. c3 Rxb1+ 26. Rxb1 Kd7 27. Qc1 Ra8 28.
Bxh6 Qh8 29. Bg5 Ra2 30. Bb5 Nf5 31. Qf4 Nxh4 32. Bxh4 Qh7 33. Rc1 Rc2 34. Rd1
Rb2 35. Bd3 Qh8 36. c4 Nb4 37. Bf5 Qg8 38. Bxe6+ fxe6 39. Qf6 Qh7 40. Qd8+ Kc6
41. Qa8+ Kd7 42. Qd8+ Kc6 1/2-1/2

[Event "SF Telgte 1 - SG Turm Raesfeld/Erle 1"]
[Site "Regionalliga 2015/2016"]
[Date "2016.05.07"]
[Round "9.5"]
[White "Borutta, Niklas"]
[Black "Kuhlenbäumer, Alfred"]
[Result "1-0"]
[WhiteElo "2047"]
[BlackElo "1870"]
[PlyCount "115"]
[EventDate "2016.??.??"]
[SourceDate "2015.09.11"]

1. d4 Nf6 2. Nf3 e6 3. c4 b6 4. g3 Bb7 5. Bg2 Be7 6. O-O O-O 7. Nc3 Ne4 8. Nxe4
Bxe4 9. b3 Bf6 10. Bb2 c5 11. Qd2 Na6 12. Rad1 d5 13. dxc5 Nxc5 14. b4 Na4 15.
Bxf6 Qxf6 16. cxd5 Bxd5 17. Rc1 Rac8 18. Qd3 Nc3 19. a3 Be4 20. Qe3 Bd5 21. Ne5
Bxg2 22. Kxg2 Nd5 23. Qe4 Qe7 24. Nc6 Qd6 25. Nxa7 Ra8 26. Nb5 Qd7 27. Qd3 Qb7
28. Kg1 Rfd8 29. Rfd1 Qe7 30. Qf3 h6 31. Nd4 Rdc8 32. Nb5 Rxc1 33. Rxc1 Qd7 34.
Qd3 Rc8 35. Rxc8+ Qxc8 36. e4 Nf6 37. h3 Qc6 38. Nd6 g6 39. Kh2 Kf8 40. Qd4 Ke7
41. e5 Nd7 42. Nc4 Qd5 43. Qxd5 exd5 44. Nd6 d4 45. f4 Ke6 46. Kg2 f6 47. Nc4
Kd5 48. Kf2 fxe5 49. Nxe5 Nxe5 50. fxe5 Kxe5 51. a4 Kd5 52. Ke2 Kc4 53. a5 bxa5
54. bxa5 Kb5 55. Kd3 Kxa5 56. Kxd4 Kb4 57. Ke5 Kc4 58. Kf6 1-0

[Event "SF Telgte 1 - SG Turm Raesfeld/Erle 1"]
[Site "Regionalliga 2015/2016"]
[Date "2016.05.07"]
[Round "9.6"]
[White "Dieckmann, Werner"]
[Black "Bergemann, Martin"]
[Result "1/2-1/2"]
[WhiteElo "1739"]
[BlackElo "1900"]
[PlyCount "83"]
[EventDate "2016.??.??"]
[SourceDate "2015.09.11"]

1. d4 c5 2. c3 e6 3. Nf3 b6 4. Bf4 Bb7 5. Nbd2 Nf6 6. e3 Be7 7. Bd3 Nh5 8. Bxb8
Rxb8 9. Qc2 Nf6 10. O-O O-O 11. Ne4 h6 12. Rad1 Qc7 13. dxc5 bxc5 14. b3 Rfd8
15. Rfe1 Nd5 16. Be2 Nb6 17. c4 d5 18. cxd5 Nxd5 19. a3 Qa5 20. Nfd2 Rbc8 21.
Nc4 Qc7 22. Bf3 Bc6 23. h3 a5 24. Rc1 Qa7 25. Ne5 Be8 26. Nc3 Nxc3 27. Qxc3 Bf6
28. Be4 a4 29. f4 axb3 30. Qxb3 Bxe5 31. fxe5 Rc7 32. Qc3 c4 33. Red1 Rb8 34.
Rb1 Rcc8 35. Kf2 Ba4 36. Rxb8 Qxb8 37. Rb1 Qc7 38. Rb4 Bb3 39. Bf3 Qd8 40. Be2
Qc7 41. Bf3 Qc5 42. Be4 1/2-1/2

[Event "SF Telgte 1 - SG Turm Raesfeld/Erle 1"]
[Site "Regionalliga 2015/2016"]
[Date "2016.05.07"]
[Round "9.7"]
[White "Fasselt, Hendrik"]
[Black "Hirnstein, Markus"]
[Result "1/2-1/2"]
[WhiteElo "1793"]
[BlackElo "1885"]
[PlyCount "62"]
[EventDate "2016.??.??"]
[SourceDate "2015.09.11"]

1. b3 Nf6 2. Bb2 e6 3. e3 d5 4. Nf3 Be7 5. Be2 O-O 6. O-O c5 7. d4 b6 8. Nbd2
Bb7 9. c4 cxd4 10. Nxd4 Nc6 11. Nxc6 Bxc6 12. Bf3 Rc8 13. Rc1 Bc5 14. Qc2 d4
15. exd4 Bxd4 16. Rfd1 Bxb2 17. Qxb2 Qc7 18. Bxc6 Qxc6 19. Nf3 Rfd8 20. Nd4 Qd6
21. Qe2 Qc5 22. Nb5 a6 23. Nc3 Qg5 24. Rxd8+ Rxd8 25. Rd1 Rb8 26. Qd3 Qc5 27.
Qd6 Qxd6 28. Rxd6 Kf8 29. Kf1 Ke7 30. Rd3 e5 31. Ke2 Rc8 1/2-1/2

[Event "SF Telgte 1 - SG Turm Raesfeld/Erle 1"]
[Site "Regionalliga 2015/2016"]
[Date "2016.05.07"]
[Round "9.8"]
[White "Esser, Peter"]
[Black "Cvetkovic, Reinhard"]
[Result "1-0"]
[WhiteElo "1758"]
[BlackElo "1683"]
[PlyCount "91"]
[EventDate "2016.??.??"]
[SourceDate "2015.09.11"]

1. d4 Nc6 2. Nf3 d5 3. c4 Bg4 4. e3 e6 5. Nc3 Nf6 6. Bd3 Bb4 7. a3 Be7 8. O-O
O-O 9. Bd2 e5 10. cxd5 exd4 11. dxc6 dxc3 12. Bxc3 Bxf3 13. gxf3 bxc6 14. Qe2
Nd5 15. Be5 Bd6 16. Bg3 Re8 17. Qc2 h5 18. Rad1 Bxg3 19. hxg3 Qf6 20. Be4 Rab8
21. b4 h4 22. g4 Nc3 23. Rd4 Nxe4 24. Rxe4 Qxf3 25. Rf4 Qd5 26. Rd1 Qe6 27. Qf5
Qxf5 28. Rxf5 Rbd8 29. Rxd8 Rxd8 30. Ra5 Ra8 31. Kg2 Kf8 32. Kh3 Ke7 33. Kxh4
a6 34. Kg3 Kd6 35. Kf4 Ke6 36. e4 Kd6 37. Kf5 c5 38. e5+ Kc6 39. Rxc5+ Kb6 40.
f4 a5 41. Rxa5 Rxa5 42. bxa5+ Kxa5 43. Ke4 Ka4 44. Kd5 Kb5 45. f5 c5 46. e6 1-0

[Event "SC Gronau 1 - SC Steinfurt 1"]
[Site "Regionalliga 2015/2016"]
[Date "2016.05.07"]
[Round "9.1"]
[White "Haselhorst, Helmut"]
[Black "Monsma, Menno"]
[Result "1/2-1/2"]
[WhiteElo "2027"]
[BlackElo "2036"]
[PlyCount "58"]
[EventDate "2016.??.??"]
[SourceDate "2015.09.11"]

1. d4 Nf6 2. Nf3 e6 3. g3 c5 4. Bg2 Nc6 5. O-O Be7 6. c4 d5 7. Nc3 dxc4 8. Qa4
Bd7 9. Qxc4 Qb6 10. dxc5 Qxc5 11. Qxc5 Bxc5 12. Bf4 Nd5 13. Nxd5 exd5 14. Rac1
Bb6 15. Ne5 Nxe5 16. Bxe5 f6 17. Bc7 Bc6 18. Bxb6 axb6 19. a3 Ke7 20. Rfd1 Rhd8
21. Rd4 b5 22. e3 Ra4 23. Rcd1 Rxd4 24. Rxd4 Kd6 25. Kf1 Kc5 26. Ke2 Ra8 27.
Kd2 Ra4 28. Rxa4 bxa4 29. Kc3 b6 1/2-1/2